000 00747nam a2200277Ia 4500
001 295
005 20240113233408.0
007 ta
008 171215n ii |||gr||||Z||||||465
020 _cHB
040 _aCotton College,Assam
041 _a465
082 _a910.03
_bHu 95 Pe
100 _aHusain, Masid .
245 0 _aPerspective in Human Geography
_cMajid Husain Ed..
_hTextual Documents
250 _aIst Ed. /
260 _aNew Delhi :
_bAnmol Publication ,
_c1993.
300 _aVol I.(Human Geography) (327p). : :
_bill ; ;
_aVol II.():
653 _aHuman Geography
653 _aReference-Geography
942 _2ddc
_cBK
999 _c295
_d295